Search in Artificial Intelligence

Enregistré dans:
Détails bibliographiques
Auteur principal: Kanal, Laveen
Autres auteurs: Kumar, Vipin
Format: Livre
Langue:anglais
Publié: New York Springer 1988
Édition:1. ed.
Tags: Ajouter un tag
Pas de tags, Soyez le premier à ajouter un tag!

MARC

LEADER 00000nam a2200000 4500
001 c028795
005 20221219120543.5
041 0 |a eng 
044 |a US 
245 1 0 |a Search in Artificial Intelligence  |c Laveen Kanal, Vipin Kumar 
250 |a 1. ed. 
264 1 |a New York  |b Springer  |c 1988 
300 |a 482 s. 
100 1 |a Kanal, Laveen 
700 1 |a Kumar, Vipin